Mysteries 5

Bibliographic Details
Main Author: Sarin Abdullah
Other Authors: Lim Chiu Ming (Illustrator)
Format: Book
Published: Singapore : Bookworm Publishing , 1995
Series:Bookworm
Subjects:

MARC

LEADER 00000cam a2200000 7i4500
001 0000009423
002 000010261
005 20000330.0
020 |a 9812240217 
090 0 0 |a JF   |b BOO 
100 0 |a Sarin Abdullah 
245 1 0 |a Mysteries 5   |c Sarin Abdullah ; illustrated by Lim Chiu Ming 
260 |a Singapore :   |b Bookworm Publishing ,   |c 1995 
300 |a 75p. :   |b ill ;   |c 21cm. 
490 0 |a Bookworm 
650 0 0 |a Children's stories 
700 0 |a Lim Chiu Ming ,   |e ill 
999 |a 047259   |b BUKU   |c PINJAMAN   |e PERPUSTAKAAN KOMUNITI PETALING JAYA 
999 |a 047260   |b BUKU   |c PINJAMAN   |e PERPUSTAKAAN KOMUNITI PETALING JAYA 
999 |a 050911   |b BUKU   |c PINJAMAN   |e PERPUSTAKAAN KOMUNITI PETALING JAYA 
999 |a 050912   |b BUKU   |c PINJAMAN   |e PERPUSTAKAAN KOMUNITI PETALING JAYA 
999 |a 050913   |b BUKU   |c PINJAMAN   |e PERPUSTAKAAN KOMUNITI PETALING JAYA